Visualizzazione normale
Vista MARC
- Rocchi Sandra, Boffelli Alma, Cremoncini Vodia
di Personal Name
Records bibliografici associati: 1
001 - CONTROL NUMBER
- control field: 61618
003 - CONTROL NUMBER IDENTIFIER
- control field:
005 - DATE AND TIME OF LATEST TRANSACTION
- control field: 20250219140159.0
008 - FIXED-LENGTH DATA ELEMENTS
- fixed length control field: 250219|| aca||aabn | a|a d
040 ## - CATALOGING SOURCE
- Original cataloging agency:
- Transcribing agency:
100 ## - HEADING--PERSONAL NAME
- Personal name: Rocchi Sandra, Boffelli Alma, Cremoncini Vodia
670 ## - SOURCE DATA FOUND
- Source citation: Work cat.: ()219410: Rocchi Sandra, Boffelli Alma, Cremoncini Vodia, Azione sociale e politica per la tutela dei diritti: il ruolo dei coordinamenti interassociativi, 1994